ბათუმის შოთა რუსთაველის სახელმწიფო უნივერსიტეტის ბიბლიოთეკა

საზღვაო დაზღვევა და მასთან დაკავშირებული საკითხების სამართლებრივი რეგულირება / (ბიბ.ჩანაწერი № 41678)

000 -ლიდერი
ფიქსირებული სიგრძის საკონტროლო ველი 01634nam a2200277Ia 4500
001 - საკონტროლო ნომერი
საკონტროლო ველი 8352
003 - საკონტროლო ნომრის იდენტიფიკატორი
საკონტროლო ველი GE_BSU
005 - ბოლო ოპერაციის თარიღი და დრო
საკონტროლო ველი 20240501165708.0
008 - ფიქსირებული სიგრძის მონაცემთა ელემენტები - ზოგადი ინფორმაცია
ფიქსირებული სიგრძის საკონტროლო ველი 181216s2013||||ge |||||||||||||| ||geo||
020 ## - წიგნის საერთაშორისო სტანდარტული ნომერი
International Standard Book Number 9789941220364
040 ## - კატალოგიზაციის წყარო
Transcribing agency GE_BSU
041 ## - ენის კოდი
Language code of text/sound track or separate title geo
080 ## - უნივერსალური ათობითი კლასიფიკაციის ინდექსი
Universal Decimal Classification number 368(075.8)+347.79(075.8) ყ–96
100 ## - მთავარი ჩანაწერი - პიროვნების სახელი
Personal name ყურშუბაძე, ციური
9 (RLIN) 6526
245 ## - ცნობა სათაურის შესახებ
Title საზღვაო დაზღვევა და მასთან დაკავშირებული საკითხების სამართლებრივი რეგულირება /
Statement of responsibility, etc ციური ყურშუბაძე, იაგო წულაძე ; რედ. : ზვიად გაბისონია, როსტომ გუნთაიშვილი.
264 ## - წარმოების, გამოცემის, დისტრიბუციის და სხვა ცნობები
გამოცემის, წარმოების, დისტრიბუციის... ადგილი თბილისი :
გამოცემის, წარმოების, დისტრიბუციის... სახელწოდება უნივერსალი,
გამოცემის, წარმოების, დისტრიბუციის... თარიღი 2013.
300 ## - ფიზიკური აღწერა
Extent 239 გვ. ;
Dimensions 21 სმ.
504 ## - BIBLIOGRAPHY, ETC. NOTE
Bibliography, etc ბიბლიოგრ. : გვ. 234-239
653 ## - INDEX TERM--UNCONTROLLED
Uncontrolled term საზღვაო დაზღვევა და მასთან დაკავშირებული საკითხების სამართლებრივი რეგულირება
653 ## - INDEX TERM--UNCONTROLLED
Uncontrolled term საზღვაო დაზღვევა
653 ## - INDEX TERM--UNCONTROLLED
Uncontrolled term საზღვაო სამართალი
700 ## - ADDED ENTRY--PERSONAL NAME
Personal name წულაძე, იაგო
Relator term ავტორი
9 (RLIN) 22025
700 ## - ADDED ENTRY--PERSONAL NAME
Personal name გაბისონია, ზვიად
Relator term რედაქტორი
9 (RLIN) 8189
700 ## - ADDED ENTRY--PERSONAL NAME
Personal name გუნთაიშვილი, როსტომ
Relator term რედაქტორი
9 (RLIN) 2269
942 ## - ADDED ENTRY ELEMENTS (KOHA)
Koha item type წიგნი
Source of classification or shelving scheme
ეგზემპლარები
ჩამოწერის სტატუსი დაკარგული ეგზემპლარის სტატუსი კლასიფიკაციის წყარო ან თაროზე გაწყობის სქემა დაზიანების სტატუსი არ გაიცემა მუდმივი მდებარეობა (დაცვის ადგილი) ამჟამინდელი ადგილსამყოფელი თაროზე განთავსების ადგილი შეძენის თარიღი სრული შენახვის შიფრი შტრიხკოდი ბოლო ოპერაციის თარიღი ეგზემპლარის მიმდევრობითი ნომერი (კეტერი?) ფასის ძალაში შესვლის თარიღი ეგზემპლარის სახეობა
          ბათუმის შოთა რუსთაველის სახელმწიფო უნივერსიტეტის მთავარი ბიბლიოთეკა ბათუმის შოთა რუსთაველის სახელმწიფო უნივერსიტეტის მთავარი ბიბლიოთეკა წიგნსაცავი 2018-12-17 368(075.8)+347.79(075.8) ყ–96 26716 2018-12-17 26716 2018-12-17 წიგნი